000 02159nam a2200289Ia 4500
001 6201
003 IT-RoPAU
008 130308s9999 xx 000 0 und d
040 _aIT-RoPAU
040 _cIT-RoPAU
041 _aITALIANO
100 _aDella Ratta Donatella
100 _gCodice Aut. SPICS: 58461
245 _aAl Jazeera. Media e società arabe nel nuovo millennio
245 _bFolklore Esotico: ricostruzioni fedeli e Arbitrarie
250 _a1a ed.
260 _aMILANO
260 _bMondadori Bruno
260 _c2005 [1° Ed.:2005 - Ed.Ling.Originale:2005]
300 _a"264 p. (prefazione: no ; testo: 264 [pagine: 0-0])"
500 _a"Al Jazeera, Rivoluzione o Provocazione? I Media Arabi Prima e Dopo Guerra del Golfo: Prima della Guerra, Duopolio Egitto Arabia Saudita; caratteristiche Sistema Media Arabi (Unitarismo Arabo o Panarabismo; Transnazionalismo;Mobilitazione); Ascesa potenza Mediale Egiziana e Contrattacco Saudita; Periferie imperi Mediali Arabi; Informazione televisiva Prima della Guerra; riconfigurazione Media Dopo la Guerra. Ii Ascesa regionale di al Jazeera: Nuovi network Panarabi (Middle East broadcasting Center Mbc; Arab Radio Andtelevision Art; Orbit; strada Verso al Jazeera, fallimento Informazione Sui network Panarabi Sauditi; Particolarità mercato Televisivo Panarabo); al Jazeera, Filosofia Editoriale e Programmazione; doppio Gioco del Qatar, Politica Estera e Strategia Mediale. III tutti contro al Jazeera: Perche' Occidente Non Capisce al Jazeera (Opinione e Opinione Contraria Come Strategia Editoriale e Politica; Terminologia e Oggettività Contestuale; Ambiguità Pubblico/Privato; Ideologia Versus Business; Panarabismo e Panislamismo;Mobilitazione Satellitare); Perche' Mondo Arabo Non Acceta al Jazeera; Usae Arabia Saudita, Chi è vero nemico di al Jazeera? Iv al Jazeera Dopo L'11 Settembre: Guerra All'Iraq e Ricadute Sui Media; Apertura mercato regionale Alla Concorrenza; Non Solo News; Democrazia Puo Nascere Dai Media? Biblio"
650 _aSAGGI DI COMUNICAZIONE SOCIALE
650 _eCodice materia Spics: 3807
942 _cBK
957 _71
999 _c89596
_d89596
999 _g1